Statistiques concernant Anagrammes aléatoires de capitales européennes

Cliquez ici pour prendre le quiz!

Statistiques générales

  • Ce quiz a été pris 21 417 fois
  • Le résultat moyen est 15 sur 20

Statistiques - réponses

Capitale% Correct
Kiev
95%
Oslo
94%
Rome
93%
Paris
89%
Moscou
84%
Sofia
82%
Berne
81%
Bruxelles
81%
Minsk
80%
Riga
80%
Zagreb
80%
Luxembourg
78%
Madrid
78%
Stockholm
78%
Vienne
78%
Berlin
77%
Helsinki
74%
Monaco
74%
Varsovie
73%
Amsterdam
72%
Budapest
71%
Dublin
71%
Reykjavik
70%
Athènes
68%
Sarajevo
68%
Bratislava
67%
Copenhague
67%
Vilnius
66%
Ljubljana
64%
Prague
64%
Vaduz
63%
Belgrade
58%
Skopje
57%
Lisbonne
56%
Tallinn
55%
Bucarest
50%
Londres
45%
Tirana
45%
Chișinău
44%
Podgorica
41%
Pristina
34%

Distribution des résultats

Percentile par nombre de réponses

% des personnes avec chaque résultat

Votre développement - résultats

Vous n’avez pas pris ce quiz